| 000 | 01089nam a2200253Ia 4500 | ||
|---|---|---|---|
| 001 | 272.9-ACC lu nu (13543) | ||
| 003 | IT-MiSPE | ||
| 008 | 171229s9999||||xx |||||||||||||| ||und|| | ||
| 040 |
_aIT-MiSPE _cIT-MiSPE |
||
| 041 | _aITALIANO | ||
| 100 | _aLuigi Accattoli | ||
| 245 | 0 |
_aNuovi martiri _b393 storie cristiane nell'Italia di oggi |
|
| 250 | _a1a ed. (v) | ||
| 260 |
_aCinisello B.mo _bSan Paolo _c2000 |
||
| 300 |
_a287 p. _c22 cm |
||
| 490 |
_aTempi e figure _v36 |
||
| 500 | _aMartiri cristiani | ||
| 501 | _aEdizioni San Paolo srl - Piazza Soncino, 5 - 20092 CINISELLO BALSAMO (MI) (non commercial uses only) ® Copyright 2018 | ||
| 520 | _aAngelo Comastri (pref.) | ||
| 700 | _aAngelo Comastri | ||
| 942 | _cBK | ||
| 957 | _71 | ||
| 999 |
_a17164 _bNO _g Copie: 1 _c348288 _d348288 |
||